|
|
|
|
| LEADER |
00000nam a2200000 i 4500 |
| 001 |
DIGBRUJ071 |
| 003 |
NyNyDIG |
| 008 |
200529s2015 ag ob 000 0 spa d |
| 006 |
m o d |
| 007 |
cr ||||||||||| |
| 035 |
|
|
|a (OCoLC)932334728
|
| 040 |
|
|
|a DGITA
|b eng
|e rda
|e pn
|c DGITA
|
| 020 |
|
|
|a 9789875916081
|q eBook
|q pdf
|
| 020 |
|
|
|a 9875916080
|q eBook
|q pdf
|
| 020 |
|
|
|z 9789875915718
|
| 020 |
|
|
|z 9875916080
|
| 050 |
1 |
4 |
|a P106 ebook
|
| 082 |
0 |
4 |
|a 401
|
| 100 |
1 |
|
|a Serra, Silvana
|q (Silvana Valeria)
|
| 245 |
1 |
0 |
|a Usos y riesgos de la lengua en el lenguaje /
|c Silvana Serra.
|
| 264 |
|
1 |
|a Córdoba, Argentina :
|b Editorial Brujas,
|c [2015]
|
| 300 |
|
|
|a 1 online resource.
|
| 336 |
|
|
|a text
|b txt
|2 rdacontent
|
| 337 |
|
|
|a computer
|b c
|2 rdamedia
|
| 338 |
|
|
|a online resource
|b cr
|2 rdacarrier
|
| 347 |
|
|
|a text file
|2 rdaft
|
| 347 |
|
|
|b PDF
|
| 490 |
1 |
|
|a Colección Fonoaudiología
|
| 504 |
|
|
|a Includes bibliographical references.
|
| 588 |
0 |
|
|a Online resource; title from PDF title page (Digitalia, viewed May 29, 2020)
|
| 650 |
|
0 |
|a Language and languages.
|
| 650 |
|
0 |
|a Speech therapy.
|
| 655 |
|
0 |
|a Electronic books.
|
| 791 |
2 |
|
|a Digitalia (Firm),
|e distributor.
|
| 793 |
0 |
|
|g Digitalia eBook Collection:
|a Editorial Brujas
|
| 776 |
0 |
8 |
|i Print version:
|a Serra, Silvana (Silvana Valeria).
|t Usos y riesgos de la lengua en el lenguaje.
|b 1º edición.
|d Córdoba, Argentina : Editorial Brujas, ©2015
|z 9789875915718
|
| 830 |
|
0 |
|a Colección Fonoaudiología.
|
| 856 |
4 |
0 |
|3 Digitalia Hispánica
|u https://www.digitaliapublishing.com/a/39612/
|
| 910 |
|
|
|a Premium collection: 2020
|